№ 8; Механизация трудоемких и тяжелых работ

Dettagli Bibliografici
Parent link:Механизация трудоемких и тяжелых работ: журнал. № 8.— , 1947-1958
Lingua:russo
Pubblicazione: 1950
Natura: Libro
KOHA link:https://koha.lib.tpu.ru/cgi-bin/koha/opac-detail.pl?biblionumber=468073

MARC

LEADER 00000nam2a2200000 4500
001 468073
005 20231101090909.0
035 |a (RuTPU)RU\TPU\prd\133106 
035 |a RU\TPU\prd\133105 
090 |a 468073 
100 |a 20120221b19479999k y0rusy50 ca 
101 0 |a rus 
102 |a RU 
200 0 |a № 8 
210 |d 1950 
461 1 |0 (RuTPU)RU\TPU\prd\836  |t Механизация трудоемких и тяжелых работ  |o журнал  |v № 8  |d 1947-1958 
801 0 |a RU  |b 63413507  |c 20010227  |g PSBO 
801 1 |a RU  |b 63413507  |c 20120126 
801 2 |a RU  |b 63413507  |c 20120222  |g RCR 
942 |c BK 
999 |a НТБ_ТПУ  |b НФ  |e -4/20120110  |p П-5487  |u 0,00  |v 1